| 000 | 00827nam a2200205Ii 4500 | ||
|---|---|---|---|
| 003 | JO-AjNU | ||
| 008 | 230605s9999||||xx |||||||||||||| ||und|| | ||
| 017 | _a2006/3/639 | ||
| 040 |
_aJO-AjNU _bara _erda _cJO-AjNU |
||
| 041 | _aara | ||
| 050 | 1 | 4 | _aLB127.Z39 2006 |
| 100 | 3 |
_aزيدان،سليمان داود تأليف/شواقفة،سبل موسى م.مشارك, _eauthor _921828 |
|
| 245 | 0 | 0 | _aدليل المرشد التربوي في مجال التوجيه الجمعي |
| 264 | 3 | 1 | _aعمان:جهينة للنشر والتوزيع،2006 |
| 300 | _a236ص | ||
| 336 |
_atext _btxt _2rdacontent |
||
| 337 |
_aunmediated _bn _2rdamedia |
||
| 338 |
_avolume _bnc _2rdacarrier |
||
| 650 | 4 |
_aالإرشاد التربوي-التربية-التعليم-التوجيه والإرشاد-الإشراف التربوي _921829 |
|
| 999 |
_aA7650 _c11218 _d11218 |
||